书目信息 |
| 题名: |
通用变频器选型、应用与维护
|
|
| 作者: | 王仁祥 , 王小曼 编著 | |
| 分册: | ||
| 出版信息: | 北京 人民邮电出版社 2005.09 |
|
| 页数: | 417页 | |
| 开本: | 26cm | |
| 丛书名: | 工业自动化新技术丛书 | |
| 单 册: | ||
| 中图分类: | TN773 | |
| 科图分类: | ||
| 主题词: | 变频器--bian pin qi--维修 , 变频器--bian pin qi--选型 | |
| 电子资源: | ||
| ISBN: | 7-115-13802-8 | |
| 000 | 01069nam 2200277 450 | |
| 001 | 012006630246 | |
| 005 | 20060626111553.78 | |
| 010 | @a7-115-13802-8@dCNY39.00 | |
| 100 | @a20060614d2005 km y0chiy0120 ea | |
| 101 | 0 | @achi |
| 102 | @aCN@b110000 | |
| 105 | @aa a 000yy | |
| 200 | 1 | @a通用变频器选型、应用与维护@Atong yong bian pin qi xuan xing、ying yong yu wei hu@f王仁祥, 王小曼编著@Fwang ren xiang,wang xiao man bian zhu |
| 210 | @a北京@c人民邮电出版社@d2005.09 | |
| 215 | @a417页@c图@d26cm | |
| 225 | 2 | @a工业自动化新技术丛书@Agong ye zi dong hua xin ji shu cong shu |
| 320 | @a有书目 (第417页)。 | |
| 330 | @a本书详细介绍了通用变频器的基本结构原理、功能特性、电磁兼容性、选型、运行与维护技术,通用变频器网络通信技术、通信原理及现场总线技术的基础知识。 | |
| 410 | 0 | @12001 @a工业自动化新技术丛书 |
| 606 | 0 | @a变频器@Abian pin qi@x维修 |
| 606 | 0 | @a变频器@Abian pin qi@x选型 |
| 690 | @aTN773@v4 | |
| 701 | 0 | @a王仁祥@Awang ren xiang@4编著 |
| 701 | 0 | @a王小曼@Awang xiao man@4编著 |
| 801 | 0 | @aCN@bQSSK@c20060626 |
| 905 | @a10447@dTN773@eW327 | |
| 通用变频器选型、应用与维护/王仁祥, 王小曼编著.-北京:人民邮电出版社,2005.09 |
| 417页:图;26cm.-(工业自动化新技术丛书) |
| ISBN 7-115-13802-8:CNY39.00 |
| 本书详细介绍了通用变频器的基本结构原理、功能特性、电磁兼容性、选型、运行与维护技术,通用变频器网络通信技术、通信原理及现场总线技术的基础知识。 |
| ● |
| 相关链接 |
|
|
|
正题名:通用变频器选型、应用与维护
索取号:TN773/W327
 
预约/预借
| 序号 | 登录号 | 条形码 | 馆藏地/架位号 | 状态 | 备注 |
| 1 | 587701 | 205877014 | 自科库301/301自科库 31排4列5层/ [索取号:TN773/W327] | 在馆 | |
| 2 | 587702 | 205877023 | 自科库301/301自科库 24排2列2层/ [索取号:TN773/W327] | 在馆 | |
| 3 | 587703 | 205877032 | 自科库301/301自科库 31排4列5层/ [索取号:TN773/W327] | 在馆 |